000 00485nam a22002057a 4500
003 Nust
005 20211102110231.0
008 170131b xxu||||| |||| 00| 0 eng d
020 _a81-85749-79-5
038 _akhadija
040 _cc
082 _a621.81
_bGIL
100 _aGill, P.S.
_926071
245 _aMachine Drawing /
_cP.S. Gill
260 _aNew Delhi :
_bS.K Kataria,
_c2009.
300 _a709 p. ;
_c26 cm.
500 _aPaperback.
563 _aPB
942 _cBK
_2ddc
999 _c32176
_d32176